000
00311nam a22001457a 4500
003
SGT
082
_a
616.24
_b
H12G
100
_a
GLYNN, MICHAL
245
_a
HUTCHISON'S CLINICAL METHODS
250
_a
23RD
260
_a
EDINBURGH
_b
SOUNDERS
_c
2012
300
_a
472
650
_a
HOMOEOPATHIC
942
_2
ddc
_c
BK
999
_c
18540
_d
18540